BIBLIOTHÈQUE DE LA MAISON DU MEXIQUE

Logo 1 Logo 2

Michoacán (notice nᵒ 10500)

détails MARC
000 -Sello discográfico
campo de control de longitud fija 00873nam a2200277 4500
005 - Identificación de versión
campo de control 20251016082436.0
099 ## - fechas locales
Tipo de ítem Koha LIBRO
100 ## - Datos de procesamiento general
Datos de procesamiento general 20040112d1987 m y1spay5003 ba
105 ## - Campo de datos codificados: Material textual, monográfico
Datos codificados de monografía a 001zy
200 1# - Título y mención de responsabilidad
Título propio Michoacán
Designación general del material texto impreso
Otra información del título época precortesiana, resumen histórico
Primer mención de responsabilidad Jesús Martínez García
205 ## - Declaración de edición
Declaración de edición 2a ed
210 ## - Publicación, distribución, etc.
Lugar de publicación, distribución, etc. México
Nombre del editor, distribuidor, etc. Impresora Bravo
Fecha de publicación, distribución, etc. 1987
215 ## - Descripción física
Designación de material específico y extensión del ítem 107 p
Dimensiones 23 cm
Otras características físicas il., h. pleg.
300 ## - Notas generales
Texto de la nota Con un mapa-lienzo de Jucutacato y los antecedentes históricos de su rescate
345 ## - Nota de información de adquisición
Fuente de adquisición/dirección de la suscripción [OBSOLETO] Donación Alain Musset
607 ## - Nombre geográfico utilizado como tema
Elemento de entrada Michoacán (México)
Subdivisión temática Historia
Número Koha 2238
660 ## - Código de área geográfica
Código MX
700 ## - Nombre personal - Responsabilidad primaria
Elemento de entrada Martínez García
Parte del nombre distinta del elemento de entrada Jesús
Número Koha 17010
801 #0 - Fuente de origen
Agencia cm
900 ## -
-- 1/5907
900 ## -
-- 7100417668\120104
942 ## - ELEMENTOS DE ENTRADA SECUNDARIOS (KOHA)
Tipo de ítem Koha Livre
996 ## -
-- MEX
-- 751145101
-- MMAG
-- 007137
-- 972.37 M385MI
-- 20221201LIV
Exemplaires
Estatus retirado Estado de daño Estado de pérdida Fecha de adquisición Biblioteca de origen Biblioteca actual Ubicación en estantería Código de barras Precio de reemplazo Signatura topográfica completa No para préstamo Tipo de ítem Koha Nota pública Nota no pública
      05/08/2025 Casa México Paris Casa México Paris   007137 05/08/2025 972.37 M385MI   Livre 20221201LIV 751145101